5HLuxD.jpg

KING HENRY VIII SENIOR AND PRIMARY SCHOOL LIBRARY OPAC

Animals / (Record no. 1585)

000 -LEADER
fixed length control field 01703cam a2200325ui 4500
003 - CONTROL NUMBER IDENTIFIER
control field OSt
005 - DATE AND TIME OF LATEST TRANSACTION
control field 20230113154410.0
008 - FIXED-LENGTH DATA ELEMENTS--GENERAL INFORMATION
fixed length control field 140801s2013 nyua j b 001 0 eng d
020 ## - INTERNATIONAL STANDARD BOOK NUMBER
International Standard Book Number 9780753468876
040 ## - CATALOGING SOURCE
Original cataloging agency CaBVA
Language of cataloging eng
Description conventions rda
Modifying agency CaOL
-- KH8
Transcribing agency .
082 ## - DEWEY DECIMAL CLASSIFICATION NUMBER
Classification number 590 HYN
100 1# - MAIN ENTRY--PERSONAL NAME
Personal name Hynes, Margaret,
Dates associated with a name 1970-
Relator term author.
245 10 - TITLE STATEMENT
Title Animals /
Statement of responsibility, etc. author, Margaret Hynes ; illustrations, Andy Crisp.
246 33 - VARYING FORM OF TITLE
Title proper/short title Picture this.
Name of part/section of a work Animals.
264 #1 - PRODUCTION, PUBLICATION, DISTRIBUTION, MANUFACTURE, AND COPYRIGHT NOTICE
Place of production, publication, distribution, manufacture New York :
Name of producer, publisher, distributor, manufacturer Kingfisher,
Date of production, publication, distribution, manufacture, or copyright notice [2013]
300 ## - PHYSICAL DESCRIPTION
Extent 63 pages :
Other physical details color illustrations ;
Dimensions 27 cm.
336 ## - CONTENT TYPE
Content type term text
-- still image
Source rdacontent.
337 ## - MEDIA TYPE
Media type term unmediated
Source rdamedia.
338 ## - CARRIER TYPE
Carrier type term volume
Source rdacarrier.
490 1# - SERIES STATEMENT
Series statement Picture this.
500 ## - GENERAL NOTE
General note "Amazing infographics and cool facts for kids!"--Cover.
504 ## - BIBLIOGRAPHY, ETC. NOTE
Bibliography, etc. note Includes bibliographical references and index .
505 0# - FORMATTED CONTENTS NOTE
Formatted contents note Magnificent measures -- Animal kingdom -- Mammals -- Mammal lifestyles -- Bird abilities -- Reptile groups -- Amphibians -- Fish features -- Swimming styles -- Deep-sea life -- Spineless creatures -- Ingenious invertebrates -- Minute creatures -- Animal champions -- Animal senses -- Communication -- Hunters -- Animal defenses -- Criminals -- Courtship -- Growing up -- Life expectancy -- Animal homes -- Migrating animals -- Adaptations -- Conservation -- Useful charts.
520 ## - SUMMARY, ETC.
Summary, etc. Presents a visual introduction to animals, discussing physical characteristics, defenses, habitats, migration patterns, life cycles, and conservation.
650 #0 - SUBJECT ADDED ENTRY--TOPICAL TERM
Topical term or geographic name entry element Animals
Form subdivision Juvenile literature.
650 #0 - SUBJECT ADDED ENTRY--TOPICAL TERM
Topical term or geographic name entry element Animals
Form subdivision Miscellanea
-- Juvenile literature.
700 1# - ADDED ENTRY--PERSONAL NAME
Personal name Crisp, Andy
Titles and other words associated with a name (Illustrator),
Relator term illustrator.
830 #0 - SERIES ADDED ENTRY--UNIFORM TITLE
Uniform title Picture this (New York, N.Y.)
942 ## - ADDED ENTRY ELEMENTS (KOHA)
Source of classification or shelving scheme
Koha item type Books - Non Ficton
Holdings
Withdrawn status Lost status Source of classification or shelving scheme Damaged status Not for loan Collection code Permanent Location Current Location Shelving location Date acquired Total Checkouts Total Renewals Full call number Barcode Date last seen Date last checked out Price effective from Koha item type
          Non-Fiction KH8 Primary School Library KH8 Primary School Library Non Fiction 2023-01-13 23 1 590 HYN KHPL000003348 2025-12-05 2025-11-25 2023-01-13 Books - Non Ficton

Powered By KH8 IT Dept